000 00210nam a22000977a 4500
999 _c260721
_d260720
020 _a0590465716
100 _aEdith H. Tarcov
245 _aThe Frog Prince
260 _aNew York
_bScholastic
_c1974
942 _cBK